00725nam a22002057a 450000500170000001000150001702000270003203500140005903700090007308200120008210000260009424500430012025000070016326000410017027000880021130000270029994200220032699900190034895201520036720250724120906.0 aENG-146111 a9789367133910c1060.00 aEN-129643 bDBAD a621211 aHibbeler, R.C.983253 aMechanics of Materials/cR.C. Hibbeler a11 aNoidabPearson India Educationc2025 a15th Floor, Towe-B, World Trade Tower, Plot No.1, Block-C, Sector-16bNoidae201301 a886p.c25cm(pb)bIndex 2ddccENh621mHIB c212542d212542 001040708NFICaLbLd2025-07-24eDelivery of Books Act Divisiong1060.00l0o621 HIBpEN-129643r2025-07-24 00:00:00t1v1060.00w2025-07-24yEN